000 00727cab a2200217 4500
001 ABS60602
008 090401t1999 xxu||||| |||| 00| 0 eng d
035 _a(Sirsi) u99939
041 _aeng
100 _aCollard, P.
245 _aMarketing: get organised
260 _c1999
350 _a0
490 _aBuilding
_v264(8089) 28 May 1999, 63(1)
520 _aThird in a series on marketing which explains how to plan and project manage a strategy to ensure maximum competitiveness. Outlines steps for planning marketing activity. (See also part 1: ABS60212 and part 2: ABS60410)
650 _aCONSTRUCTION COMPANIES
650 _aMARKETING
690 _aBUILT ENVIRONMENT
942 _n0
948 _c03/06/1999
999 _c60019
_d60019